[Event "VIII Festival A"]
[Site "Trieste ITA"]
[Date "2006.09.09"]
[Round "9"]
[White "Cadelli, Luciano"]
[Black "Skok, Joze"]
[Result "1-0"]
[WhiteElo "2088"]
[BlackElo "2110"]
[PlyCount "183"]
[EventDate "2006.09.02"]

1. d4 Nf6 2. c4 g6 3. Nc3 d5 4. cxd5 Nxd5 5. e4 Nxc3 6. bxc3 c5 7. Be3 Bg7 8.
Bc4 Nc6 9. Ne2 cxd4 10. cxd4 Qa5+ 11. Qd2 Qxd2+ 12. Kxd2 O-O 13. Rhd1 Rd8 14.
Ke1 Bd7 15. Rab1 Rac8 16. Bd3 b6 17. Ba6 Ra8 18. d5 Ne5 19. f4 Ng4 20. Bg1 Bc8
21. Bb5 Bb7 22. Nd4 Bxd4 23. Rxd4 Rac8 24. Kd2 Rc7 25. h3 Nf6 26. Bd3 Rdc8 27.
Be3 Nd7 28. Rb2 Nc5 29. Bc2 Rd7 30. g4 f6 31. f5 g5 32. Bf2 Ba6 33. Bg3 Bf1 34.
h4 gxh4 35. Bxh4 Kf7 36. Bd1 Rg8 37. Ke3 Bh3 38. Kf4 Bf1 39. Rh2 h6 40. Bg3 Kg7
41. Ke3 Ba6 42. Bf4 Rh8 43. Be2 Rdd8 44. Rd1 Rh7 45. Rdh1 Rdh8 46. Kd4 Nd7 47.
Bd1 Bb7 48. Ba4 Nc5 49. Bd1 Nd7 50. Be2 a6 51. Bd3 Nc5 52. Bc4 Nd7 53. Be2 Nc5
54. Bf3 Nd7 55. Be2 Nc5 56. e5 Nd7 57. e6 Nc5 58. Rc1 Rc8 59. Bf3 Ba8 60. Re2
Rhh8 61. Rh2 Na4 62. Rhh1 b5 63. Rxc8 Rxc8 64. Rc1 Bb7 65. Rxc8 Bxc8 66. d6
exd6 67. Bxd6 Nb6 68. Bc6 Nc4 69. Bf4 Na5 70. Be8 Kf8 71. Bh5 Ke7 72. Bxh6 Bxe6
73. fxe6 Kxe6 74. Bg6 Nc6+ 75. Ke4 Nb4 76. Bf5+ Kf7 77. a3 Nc2 78. Bc1 a5 79.
Kd3 Ne1+ 80. Ke2 Ng2 81. Kf2 Nh4 82. Kg3 Nxf5+ 83. gxf5 Ke7 84. Kf4 b4 85. axb4
axb4 86. Bb2 b3 87. Ke4 Kf7 88. Kd5 Ke7 89. Ba3+ Kd7 90. Bb2 Ke7 91. Kc6 Kf7
92. Kd7 1-0

[Event "VIII Festival A"]
[Site "Trieste ITA"]
[Date "2006.09.09"]
[Round "9"]
[White "Efimov, Igor"]
[Black "Stocek, Jiri"]
[Result "1/2-1/2"]
[WhiteElo "2439"]
[BlackElo "2561"]
[PlyCount "38"]
[EventDate "2006.09.02"]

1. Nf3 Nf6 2. c4 e6 3. g3 d5 4. Bg2 dxc4 5. Qa4+ c6 6. Qxc4 b5 7. Qc2 Bb7 8.
O-O Nbd7 9. b3 Be7 10. Bb2 O-O 11. Nc3 Rc8 12. a4 a6 13. Ne4 h6 14. Ne5 Nxe4
15. Qxe4 Nf6 16. Qf4 Nd5 17. Qg4 Nf6 18. Qf4 Nd5 19. Qg4 Nf6 1/2-1/2

[Event "VIII Festival A"]
[Site "Trieste ITA"]
[Date "2006.09.09"]
[Round "9"]
[White "Fantini, Marco"]
[Black "Van Dongen, Leo"]
[Result "1/2-1/2"]
[WhiteElo "2053"]
[BlackElo "1854"]
[PlyCount "50"]
[EventDate "2006.09.02"]

1. d4 Nf6 2. Nc3 g6 3. Bg5 Bg7 4. Qd2 h6 5. Bxf6 Bxf6 6. e4 d6 7. Bc4 Nc6 8.
Nge2 e5 9. dxe5 Bxe5 10. f4 Bg7 11. O-O-O Be6 12. Nd5 Qd7 13. Bb3 a5 14. Ba4
O-O 15. Ng3 Rfb8 16. f5 gxf5 17. exf5 Bxd5 18. Qxd5 Qe7 19. Rhe1 Qg5+ 20. Kb1
Nb4 21. Qd2 Qxd2 22. Rxd2 b5 23. Bb3 Re8 24. Rxe8+ Rxe8 25. c3 Re1+ 1/2-1/2

[Event "VIII Festival A"]
[Site "Trieste ITA"]
[Date "2006.09.09"]
[Round "9"]
[White "Grobovsek, Ivan"]
[Black "Omerzel, Nikola"]
[Result "1/2-1/2"]
[WhiteElo "1950"]
[BlackElo "1789"]
[PlyCount "29"]
[EventDate "2006.09.02"]

1. Nf3 Nc6 2. e4 e5 3. Nc3 Be7 4. Bb5 d6 5. d4 a6 6. Bxc6+ bxc6 7. dxe5 Bg4 8.
exd6 cxd6 9. Be3 Nf6 10. O-O O-O 11. h3 Bh5 12. Bd4 Re8 13. Re1 Nd7 14. g4 Bg6
15. e5 1/2-1/2

[Event "VIII Festival A"]
[Site "Trieste ITA"]
[Date "2006.09.09"]
[Round "9"]
[White "Keetbaas, Herman"]
[Black "Plani, Andrea"]
[Result "1-0"]
[WhiteElo "2061"]
[BlackElo "1896"]
[PlyCount "49"]
[EventDate "2006.09.02"]

1. e4 c5 2. Nf3 Nc6 3. d4 cxd4 4. Nxd4 Nf6 5. Nc3 a6 6. Nxc6 bxc6 7. e5 Ng8 8.
Bd3 e6 9. O-O d6 10. exd6 Bxd6 11. Ne4 Bc7 12. Qg4 g6 13. Qf3 f5 14. Bg5 fxe4
15. Bxd8 Bxh2+ 16. Kxh2 exf3 17. Bc7 fxg2 18. Kxg2 Ne7 19. c4 O-O 20. Rad1 Ra7
21. Ba5 Nf5 22. Be4 Bd7 23. Rd3 Rc8 24. Rfd1 Raa8 25. Rxd7 1-0

[Event "VIII Festival A"]
[Site "Trieste ITA"]
[Date "2006.09.09"]
[Round "9"]
[White "Pregarac, Valter"]
[Black "Rombaldoni, Denis"]
[Result "1/2-1/2"]
[WhiteElo "2058"]
[BlackElo "2348"]
[PlyCount "78"]
[EventDate "2006.09.02"]

1. d4 Nf6 2. c4 e6 3. Nf3 b6 4. g3 Ba6 5. b3 b5 6. cxb5 Bxb5 7. Bg2 Bb4+ 8. Bd2
a5 9. O-O O-O 10. Ne5 d5 11. Nc3 Ba6 12. Na4 Nfd7 13. Nd3 Bxd3 14. exd3 Nc6 15.
Be3 Ba3 16. Rb1 Qe7 17. Re1 Qb4 18. Qg4 Nde5 19. Qd1 Ng6 20. Bd2 Qb5 21. Be3
Qb4 22. Bd2 Qxd4 23. Bc3 Qa7 24. Qg4 Rae8 25. h4 f5 26. Qg5 Be7 27. Qd2 f4 28.
d4 fxg3 29. fxg3 Nge5 30. Qe3 Nf7 31. Rbd1 Bf6 32. Bxd5 Nxd4 33. Bxd4 Bxd4 34.
Qxd4 Qxd4+ 35. Rxd4 exd5 36. Rxe8 Rxe8 37. Rxd5 Re5 38. Rxe5 Nxe5 39. Kf2 Kf7
1/2-1/2

[Event "VIII Festival A"]
[Site "Trieste ITA"]
[Date "2006.09.09"]
[Round "9"]
[White "Ramesa, Davor"]
[Black "Cozzarin, Davide"]
[Result "1/2-1/2"]
[WhiteElo "2249"]
[BlackElo "2062"]
[PlyCount "115"]
[EventDate "2006.09.02"]

1. c4 e5 2. Nc3 Nc6 3. Nf3 d6 4. d4 exd4 5. Nxd4 g6 6. Nxc6 bxc6 7. g3 Bg7 8.
Bg2 Bd7 9. O-O Ne7 10. e4 c5 11. e5 Bc6 12. Bxc6+ Nxc6 13. exd6 cxd6 14. Re1+
Kf8 15. Ne4 Nd4 16. Bf4 d5 17. Nd6 Qd7 18. cxd5 g5 19. Bxg5 Qxd6 20. Be7+ Qxe7
21. Rxe7 Kxe7 22. Qe1+ Kd6 23. Qe4 f5 24. Qf4+ Be5 25. Qh6+ Kxd5 26. Rd1 Rag8
27. Kf1 Rg6 28. Qe3 Rb8 29. b3 Rbg8 30. f4 Bd6 31. b4 Rc8 32. bxc5 Bxc5 33.
Qe5+ Kc4 34. Rc1+ Kb5 35. a4+ Kb6 36. Rxc5 Rxc5 37. Qxd4 Rgc6 38. Kg2 Ka5 39.
h4 h6 40. Kh3 a6 41. h5 Rc4 42. Qd5+ R4c5 43. Qd4 Rc4 44. Qd7 R4c5 45. Qd1 Rc1
46. Qd5+ R1c5 47. Qa2 Rc2 48. Qf7 R2c5 49. g4 fxg4+ 50. Kxg4 Kxa4 51. Qa2+ Kb5
52. Qb3+ Ka5 53. Qa3+ Kb6 54. Qb2+ Kc7 55. Qg7+ Kd8 56. Qg8+ Ke7 57. Qg7+ Ke8
58. Qa7 1/2-1/2

[Event "VIII Festival A"]
[Site "Trieste ITA"]
[Date "2006.09.09"]
[Round "9"]
[White "Rombaldoni, Axel"]
[Black "Capaliku, Aleks"]
[Result "1-0"]
[WhiteElo "2169"]
[BlackElo "2099"]
[PlyCount "111"]
[EventDate "2006.09.02"]

1. e4 e5 2. Nf3 Nc6 3. Bb5 a6 4. Ba4 f5 5. Bxc6 dxc6 6. Nc3 fxe4 7. Nxe4 Bg4 8.
d3 Nf6 9. Bg5 Be7 10. Bxf6 gxf6 11. h3 Bh5 12. g4 Bg6 13. Nh4 Qd7 14. Qf3 Rf8
15. Ng3 O-O-O 16. Nhf5 Bb4+ 17. Kf1 Bd2 18. Kg2 Bf4 19. Rad1 Bxg3 20. fxg3 Bf7
21. c4 Be6 22. Rhf1 Kb8 23. Qe4 Qf7 24. b4 h5 25. gxh5 Qxh5 26. g4 Qg5 27. a4
Rd7 28. h4 Qg8 29. Rb1 Rfd8 30. b5 Rd4 31. Nxd4 Rxd4 32. Qe3 Qxg4+ 33. Qg3
Qxg3+ 34. Kxg3 Rxd3+ 35. Rf3 Bxc4 36. Rxd3 Bxd3 37. Rd1 Be4 38. bxa6 b5 39. h5
b4 40. Kf2 b3 41. Ke3 Bh7 42. Rd2 c5 43. Rb2 c4 44. Kd2 f5 45. Kc3 f4 46. Kxc4
Bg8+ 47. Kd3 c5 48. Rg2 Bd5 49. h6 f3 50. Rg1 f2 51. Rf1 e4+ 52. Kc3 e3 53. h7
e2 54. h8=Q+ Ka7 55. Qg7+ Kxa6 56. Qf6+ 1-0

[Event "VIII Festival A"]
[Site "Trieste ITA"]
[Date "2006.09.09"]
[Round "9"]
[White "Spaan, Nathanael"]
[Black "Korneev, Oleg"]
[Result "0-1"]
[WhiteElo "2185"]
[BlackElo "2638"]
[PlyCount "75"]
[EventDate "2006.09.02"]

1. e4 c5 2. Nf3 e6 3. Nc3 a6 4. d4 cxd4 5. Nxd4 Qc7 6. Bd3 Nc6 7. Nxc6 dxc6 8.
O-O e5 9. a4 Nf6 10. Qe2 Bc5 11. Kh1 h5 12. Be3 Bxe3 13. Qxe3 h4 14. h3 Nh5 15.
Rfd1 Nf4 16. Bf1 O-O 17. Ne2 Ng6 18. Ng1 Be6 19. Nf3 Qe7 20. Qg5 Rae8 21. Qxe7
Rxe7 22. Rd6 f6 23. Rad1 Kf7 24. a5 Rc7 25. Nd2 Ke7 26. Nc4 Nf4 27. R6d2 g5 28.
f3 Rd7 29. Rxd7+ Bxd7 30. Kg1 c5 31. Nb6 Bc6 32. Bc4 Rd8 33. Rxd8 Kxd8 34. Kf2
Kc7 35. c3 Bb5 36. Nd5+ Kd6 37. Nxf4 Bxc4 38. Ne2 0-1

[Event "VIII Festival A"]
[Site "Trieste ITA"]
[Date "2006.09.09"]
[Round "9"]
[White "Stantic, Severino"]
[Black "Brunello, Roberta"]
[Result "1/2-1/2"]
[WhiteElo "2051"]
[BlackElo "1863"]
[PlyCount "103"]
[EventDate "2006.09.02"]

1. d4 d5 2. c4 e6 3. Nf3 Nf6 4. Bg5 Be7 5. e3 Nbd7 6. Nc3 O-O 7. Rc1 c6 8. Bd3
dxc4 9. Bxc4 Nd5 10. Bxe7 Qxe7 11. O-O Nxc3 12. Rxc3 e5 13. Nxe5 Nxe5 14. dxe5
Qxe5 15. Qf3 Bf5 16. Qh5 Qf6 17. Qf3 Qg6 18. Qe2 Rad8 19. Rd1 Bh3 20. g3 Bf5
21. f3 h5 22. e4 Be6 23. Bb3 Qf6 24. Rdd3 Bxb3 25. Rxb3 Rxd3 26. Rxd3 Rd8 27.
Rxd8+ Qxd8 28. f4 Qd4+ 29. Kg2 g6 30. h3 c5 31. g4 h4 32. Kf3 c4 33. e5 b5 34.
f5 g5 35. Qe3 Qd5+ 36. Kf2 Kf8 37. f6 b4 38. Qxg5 c3 39. bxc3 Qxa2+ 40. Ke3
bxc3 41. Kd3 Qd2+ 42. Qxd2 cxd2 43. Kxd2 Ke8 44. g5 Kd7 45. Ke3 a5 46. Kf4 a4
47. g6 fxg6 48. Kg5 a3 49. Kxg6 a2 50. f7 a1=Q 51. f8=Q Qxe5 52. Qf5+ 1/2-1/2

[Event "VIII Festival A"]
[Site "Trieste ITA"]
[Date "2006.09.09"]
[Round "9"]
[White "Tratar, Marko"]
[Black "Brunello, Sabino"]
[Result "0-1"]
[WhiteElo "2503"]
[BlackElo "2391"]
[PlyCount "66"]
[EventDate "2006.09.02"]

1. Nf3 Nf6 2. c4 e6 3. Nc3 b6 4. g3 Bb7 5. Bg2 Be7 6. d4 O-O 7. O-O Ne4 8. Bd2
Bf6 9. Rc1 c5 10. d5 exd5 11. cxd5 Nxd2 12. Nxd2 d6 13. Nde4 Be5 14. f4 Bd4+
15. Kh1 a6 16. a4 Qe7 17. Qd3 Nd7 18. e3 Bf6 19. Rfe1 Rab8 20. Nxf6+ Qxf6 21.
Ne4 Qg6 22. Rcd1 b5 23. axb5 axb5 24. b4 cxb4 25. Qb3 Nb6 26. f5 Qh6 27. f6 Nc4
28. fxg7 Rfe8 29. Rf1 Rxe4 30. Bxe4 Nxe3 31. Qxb4 Nxd1 32. Rxd1 Qh5 33. Rf1
Bxd5 0-1

[Event "VIII Festival A"]
[Site "Trieste ITA"]
[Date "2006.09.09"]
[Round "9"]
[White "Varini, Massimo"]
[Black "Bevilacqua, Andrea"]
[Result "0-1"]
[WhiteElo "2053"]
[BlackElo "2054"]
[PlyCount "106"]
[EventDate "2006.09.02"]

1. d4 f5 2. Bg5 Nf6 3. Bxf6 exf6 4. e3 d5 5. Bd3 Bd6 6. c3 Qe7 7. Ne2 f4 8.
exf4 Bxf4 9. O-O Bd6 10. Re1 O-O 11. Ng3 Qf7 12. Qf3 f5 13. Nd2 f4 14. Ne2 Be6
15. c4 dxc4 16. Be4 c6 17. Nc3 Nd7 18. Qe2 Rae8 19. Nf3 Qh5 20. Rad1 Nf6 21.
Qc2 Nd5 22. Re2 Nxc3 23. bxc3 Bd5 24. Rde1 Bxe4 25. Rxe4 Rxe4 26. Qxe4 Qd5 27.
Qe6+ Qxe6 28. Rxe6 Rd8 29. Kf1 h6 30. h4 Kf7 31. Re4 g6 32. Ke2 Kf6 33. Nd2 b5
34. Kf3 a5 35. Re1 Kf5 36. g4+ fxg3 37. fxg3 h5 38. Rf1 c5 39. Ne4 cxd4 40.
cxd4 Ke6 41. Ke3 Be7 42. Rc1 Kd5 43. Nc3+ Kc6 44. a4 b4 45. Nb5 c3 46. Kd3 Bd6
47. Rf1 Rf8 48. Re1 Kd5 49. Nxd6 Kxd6 50. Re5 Rc8 51. Kc2 b3+ 52. Kxb3 c2 53.
Rc5 c1=Q 0-1

[Event "VIII Festival A"]
[Site "Trieste ITA"]
[Date "2006.09.09"]
[Round "9"]
[White "Veber, Bojan"]
[Black "Pelosin, Matteo"]
[Result "1-0"]
[WhiteElo "2138"]
[BlackElo "1798"]
[PlyCount "85"]
[EventDate "2006.09.02"]

1. e4 e6 2. d4 d5 3. Nc3 Nf6 4. Bg5 Bb4 5. e5 h6 6. Bd2 Bxc3 7. bxc3 Ne4 8. Qg4
g6 9. h4 Nxd2 10. Kxd2 c5 11. Rh3 Nc6 12. Bd3 Qe7 13. a3 Bd7 14. Rf3 O-O-O 15.
Rf6 cxd4 16. cxd4 Kb8 17. Ne2 Rc8 18. Qf4 Be8 19. Bb5 Qc7 20. Bxc6 Qxc6 21. c3
Qb6 22. Ke1 g5 23. Qc1 Qc7 24. Qb2 gxh4 25. Rb1 Rg8 26. Rxh6 Rxg2 27. Rxh4 b6
28. Qb4 Rg6 29. Rf4 Bc6 30. Kd2 Bb7 31. Rh1 Ba6 32. Rh7 Bxe2 33. Rfxf7 Qc6 34.
Kxe2 Qc4+ 35. Qxc4 Rxc4 36. Rf8+ Rc8 37. Rxc8+ Kxc8 38. Rxa7 Kd8 39. Rb7 Rg1
40. Rxb6 Kd7 41. Ke3 Ra1 42. Rb3 Kc6 43. Kf4 1-0

[Event "Open Gran Sasso A"]
[Site "Prati di Tivo - Pietracamela ITA"]
[Date "2006.09.03"]
[Round "1"]
[White "Lazarev, Vladimir"]
[Black "Santurbano, Maria Vincenza"]
[Result "1-0"]
[WhiteElo "2522"]
[BlackElo "1985"]
[PlyCount "67"]
[EventDate "2006.09.03"]

1. d4 Nf6 2. c4 d6 3. Nc3 Nbd7 4. e4 e5 5. Nf3 Be7 6. Be2 O-O 7. O-O Re8 8. Re1
c6 9. Bf1 Qc7 10. h3 Nf8 11. Be3 Bd7 12. Rc1 Rad8 13. b4 Ng6 14. d5 cxd5 15.
cxd5 Qb8 16. Nd2 Rc8 17. b5 Bd8 18. Nc4 Bc7 19. a4 Rf8 20. Qb3 Nh5 21. b6 axb6
22. Bxb6 Nhf4 23. Qb4 Nh4 24. Re3 Nhg6 25. Bxc7 Qxc7 26. Nxd6 Ra8 27. Rb1 Bxa4
28. Nxa4 Rxa4 29. Qxa4 Qxd6 30. Rxb7 Qc5 31. Qc4 Qa5 32. g3 Nh5 33. Reb3 Qe1
34. Rb1 1-0

[Event "Open Gran Sasso A"]
[Site "Prati di Tivo - Pietracamela ITA"]
[Date "2006.09.03"]
[Round "1"]
[White "Savoia, Sergio"]
[Black "Aleksic, Nenad"]
[Result "0-1"]
[WhiteElo "1911"]
[BlackElo "2392"]
[PlyCount "52"]
[EventDate "2006.09.03"]

1. g3 Nf6 2. Bg2 e6 3. e4 c5 4. Nc3 d6 5. d3 Nc6 6. Bg5 Be7 7. f4 a6 8. a4 h6
9. Bxf6 Bxf6 10. Nge2 Qc7 11. O-O Nd4 12. Rb1 Bd7 13. b3 Bc6 14. g4 g6 15. Ng3
Nf3+ 16. Bxf3 Bxc3 17. f5 O-O-O 18. Ne2 Be5 19. Kg2 gxf5 20. exf5 Rhg8 21. fxe6
fxe6 22. h3 h5 23. d4 hxg4 24. Bxc6 Qxc6+ 25. d5 gxh3+ 26. Kh1 exd5 0-1

[Event "Open Gran Sasso A"]
[Site "Prati di Tivo - Pietracamela ITA"]
[Date "2006.09.03"]
[Round "1"]
[White "Stoyko, Maksym"]
[Black "Naumkin, Igor"]
[Result "0-1"]
[WhiteElo "1978"]
[BlackElo "2430"]
[PlyCount "70"]
[EventDate "2006.09.03"]

1. d4 e6 2. c4 f5 3. g3 Nf6 4. Bg2 Be7 5. Nf3 O-O 6. O-O d6 7. Nc3 a5 8. b3 Qe8
9. Bb2 Qh5 10. e3 Qh6 11. Ne1 Nc6 12. Nd3 Bd7 13. a3 e5 14. dxe5 dxe5 15. Nd5
Bd8 16. Nc5 Bc8 17. Nxf6+ Bxf6 18. Bxc6 bxc6 19. Nd7 Rd8 20. Nxf6+ Qxf6 21. Qc2
c5 22. e4 f4 23. Qc3 Re8 24. gxf4 Qxf4 25. Qg3 Ra6 26. Qxf4 exf4 27. f3 Bh3 28.
Rf2 Rb8 29. Be5 Rg6+ 30. Kh1 Rxb3 31. Bxf4 Rgb6 32. Bc1 Rb1 33. Rxb1 Rxb1 34.
Rc2 Rb3 35. Rf2 Rc3 0-1

[Event "Open Gran Sasso A"]
[Site "Prati di Tivo - Pietracamela ITA"]
[Date "2006.09.03"]
[Round "1"]
[White "Vezzosi, Paolo"]
[Black "Fracasso Pezzolato, Michele"]
[Result "1-0"]
[WhiteElo "2356"]
[BlackElo "1908"]
[PlyCount "57"]
[EventDate "2006.09.03"]

1. d4 Nf6 2. Nf3 g6 3. Bg5 Bg7 4. Nbd2 d5 5. e3 Nbd7 6. Bd3 c5 7. c3 O-O 8. O-O
Re8 9. b4 c4 10. Bc2 e5 11. dxe5 Nxe5 12. Nd4 a6 13. e4 Be6 14. f4 Neg4 15. e5
Ne3 16. Qc1 Nxf1 17. Nxf1 h6 18. exf6 hxg5 19. fxg7 gxf4 20. Qxf4 Kxg7 21. Ne3
Qb8 22. Qg5 Qd8 23. Qg3 Qb8 24. Qf2 Rh8 25. h3 Qc7 26. Rf1 Qe5 27. Ng4 Qc7 28.
Qf6+ Kg8 29. Nxe6 1-0

[Event "Open Gran Sasso A"]
[Site "Prati di Tivo - Pietracamela ITA"]
[Date "2006.09.04"]
[Round "2"]
[White "Aleksic, Nenad"]
[Black "Buratti, Marco"]
[Result "1-0"]
[WhiteElo "2392"]
[BlackElo "2018"]
[PlyCount "73"]
[EventDate "2006.09.03"]

1. e4 e5 2. Nf3 Nc6 3. c3 Nf6 4. d3 Be7 5. Be2 O-O 6. O-O d5 7. Qc2 h6 8. b4 a6
9. a3 Bg4 10. Nbd2 Re8 11. Bb2 Bf8 12. Rfe1 Qd7 13. Bf1 Rad8 14. h3 Bh5 15. g3
Bg6 16. Rad1 Qc8 17. Bg2 Bh7 18. c4 d4 19. c5 Qe6 20. Nc4 Nd7 21. Kh2 g5 22.
Nfd2 b5 23. cxb6 cxb6 24. Nb3 Rc8 25. Qe2 Rc7 26. Bf3 Rec8 27. Bg4 f5 28. exf5
Bxf5 29. Nxd4 Nxd4 30. Bxd4 Bxg4 31. hxg4 b5 32. Nxe5 Rc2 33. Rd2 Nxe5 34. Bxe5
Rxd2 35. Qxd2 Qxg4 36. Qa2+ Kh7 37. Qf7+ 1-0

[Event "Open Gran Sasso A"]
[Site "Prati di Tivo - Pietracamela ITA"]
[Date "2006.09.04"]
[Round "2"]
[White "Di Donatantonio, Franco"]
[Black "Lazarev, Vladimir"]
[Result "0-1"]
[WhiteElo "2093"]
[BlackElo "2522"]
[PlyCount "61"]
[EventDate "2006.09.03"]

1. e4 c5 2. Nf3 Nc6 3. Bb5 Qb6 4. Bxc6 Qxc6 5. d3 d6 6. O-O e6 7. Re1 a6 8. c3
Nf6 9. Nbd2 Be7 10. Nf1 O-O 11. Ng3 b5 12. Bd2 Bb7 13. h3 Rfe8 14. Nh2 d5 15.
e5 d4 16. Nf3 dxc3 17. bxc3 Nd5 18. Ne4 c4 19. Nd4 Qc7 20. dxc4 Qxc4 21. Qg4
Kh8 22. Nf3 Nb6 23. Bg5 Bxe4 24. Rxe4 Qc6 25. Rf4 Qxc3 26. Rf1 Kg8 27. Qh4 Nd5
28. Rg4 f5 29. exf6 Bxf6 30. Rc1 Qxc1+ 31. Bxc1 0-1

[Event "Open Gran Sasso A"]
[Site "Prati di Tivo - Pietracamela ITA"]
[Date "2006.09.04"]
[Round "2"]
[White "Naumkin, Igor"]
[Black "Ferri, Stefano"]
[Result "1-0"]
[WhiteElo "2430"]
[BlackElo "2121"]
[PlyCount "117"]
[EventDate "2006.09.03"]

1. d4 Nf6 2. c4 g6 3. Nc3 Bg7 4. e4 d6 5. Nf3 O-O 6. Be2 e5 7. d5 a5 8. Bg5 Na6
9. Nd2 h6 10. Be3 Qe8 11. O-O Nh7 12. Kh1 Bd7 13. Rc1 Kh8 14. b3 f5 15. exf5
gxf5 16. f4 e4 17. g4 Nb4 18. gxf5 Bxf5 19. Rg1 Nd3 20. Rxg7 Kxg7 21. Qg1+ Kh8
22. Bd4+ Ne5 23. Ncxe4 Bxe4+ 24. Nxe4 Rxf4 25. Qe3 Qf8 26. Nc5 Ng5 27. Nd7 Re4
28. Nxf8 Rxe3 29. Bxe3 Rxf8 30. c5 Nef3 31. cxd6 cxd6 32. Bb6 a4 33. bxa4 Rf4
34. Rc4 Rf5 35. Kg2 Ne1+ 36. Kg3 Rxd5 37. Bd4+ Kh7 38. Bc3 Nd3 39. h4 Nc1 40.
Rc7+ Kg6 41. Rg7+ Kf5 42. Bg4+ Ke4 43. Re7+ Kd3 44. Bb2 Nxa2 45. hxg5 Rxg5 46.
Kf4 Kc2 47. Bf6 Ra5 48. Re2+ Kb3 49. Rb2+ Ka3 50. Bd1 Nc1 51. Rxb7 Nd3+ 52. Ke3
Nc5 53. Rb5 Ra8 54. Bb2+ Ka2 55. a5 Re8+ 56. Kd2 Rg8 57. Bf3 Rg5 58. Kc2 Rf5
59. a6 1-0

[Event "Open Gran Sasso A"]
[Site "Prati di Tivo - Pietracamela ITA"]
[Date "2006.09.04"]
[Round "2"]
[White "Scipioni, Gaetano"]
[Black "Vezzosi, Paolo"]
[Result "0-1"]
[WhiteElo "2070"]
[BlackElo "2356"]
[PlyCount "71"]
[EventDate "2006.09.03"]

1. d4 Nf6 2. Nf3 e6 3. Bf4 b6 4. Nbd2 Bb7 5. e3 Be7 6. Bd3 c5 7. c3 Nc6 8. Qe2
O-O 9. Ba6 Bxa6 10. Qxa6 Nh5 11. Bg3 f5 12. dxc5 bxc5 13. Nc4 Nxg3 14. hxg3 Qc8
15. Qxc8 Raxc8 16. Nfe5 Nxe5 17. Nxe5 Rc7 18. O-O-O d5 19. Nd3 Rb8 20. Nf4 Rb6
21. Rd2 Rcb7 22. Rhd1 Kf7 23. f3 c4 24. Rc2 Bc5 25. e4 dxe4 26. fxe4 fxe4 27.
Re1 e3 28. Ne2 Rxb2 29. Rxb2 Ba3 30. Nd4 Rxb2 31. Nc2 Rxa2+ 32. Nxa3 Rxa3 33.
Kb2 Rb3+ 34. Kc2 Rb5 35. Rxe3 a5 36. Re4 0-1

[Event "Open Gran Sasso A"]
[Site "Prati di Tivo - Pietracamela ITA"]
[Date "2006.09.05"]
[Round "3"]
[White "Carola, Paolo"]
[Black "Di Donatantonio, Franco"]
[Result "0-1"]
[WhiteElo "1989"]
[BlackElo "2093"]
[PlyCount "70"]
[EventDate "2006.09.03"]

1. e4 c5 2. Nc3 e6 3. Bc4 Nc6 4. Nge2 Nf6 5. d3 Be7 6. O-O O-O 7. f4 d5 8. exd5
exd5 9. Bb3 Na5 10. f5 a6 11. Bg5 c4 12. Ba4 b5 13. Bxb5 axb5 14. Nxb5 Qb6+ 15.
Nbd4 cxd3 16. cxd3 Bc5 17. Rf4 Nh5 18. Rh4 Bxf5 19. Kh1 Bg6 20. b4 Bxb4 21. Rb1
Qd6 22. Nb5 Qe5 23. Rbxb4 Qxg5 24. Rbg4 Qe7 25. Qd2 Rfe8 26. Nbd4 Nc6 27. Kg1
Ne5 28. Rg5 Rxa2 29. Qxa2 Qxg5 30. Rh3 Nf4 31. Rf3 Nxe2+ 32. Nxe2 Qd8 33. d4
Nd3 34. h3 Qe7 35. Kf1 Nc1 0-1

[Event "Open Gran Sasso A"]
[Site "Prati di Tivo - Pietracamela ITA"]
[Date "2006.09.05"]
[Round "3"]
[White "Giacchetti, Luciano"]
[Black "Catalini, Giampiero"]
[Result "0-1"]
[WhiteElo "2085"]
[BlackElo "1912"]
[PlyCount "102"]
[EventDate "2006.09.03"]

1. e4 e6 2. d4 d5 3. exd5 exd5 4. c4 Nf6 5. Nc3 Be7 6. cxd5 Nxd5 7. Bc4 Nxc3 8.
bxc3 O-O 9. Ne2 Nc6 10. O-O Na5 11. Bd3 c5 12. Ng3 cxd4 13. cxd4 Bf6 14. Bb2
Nc6 15. Qd2 g6 16. Rad1 Be6 17. Ba3 Re8 18. d5 Qxd5 19. Ne4 Bg7 20. Nc3 Qa5 21.
Bb2 Red8 22. Qe1 Nb4 23. Bb1 Bc4 24. Qe4 Bxf1 25. Rxf1 Nc6 26. Na4 Bxb2 27.
Nxb2 Qb4 28. Qxb4 Nxb4 29. Nc4 Rac8 30. Ne3 Rd2 31. a3 Na2 32. h4 Rc1 33. Rxc1
Nxc1 34. Kf1 Rb2 35. Be4 Nb3 36. Ke1 Nd4 37. g3 b6 38. g4 Ra2 39. Kf1 Rxa3 40.
h5 b5 41. Nd5 gxh5 42. Nf6+ Kg7 43. Nxh5+ Kh6 44. f4 f5 45. Bd5 fxg4 46. Nf6 g3
47. Kg2 b4 48. Ne4 Nf5 49. Be6 Kg6 50. Nd2 a5 51. Nc4 Ne3+ 0-1

[Event "Open Gran Sasso A"]
[Site "Prati di Tivo - Pietracamela ITA"]
[Date "2006.09.05"]
[Round "3"]
[White "Lauria, Amilcare"]
[Black "Aleksic, Nenad"]
[Result "0-1"]
[WhiteElo "2185"]
[BlackElo "2392"]
[PlyCount "78"]
[EventDate "2006.09.03"]

1. e4 c5 2. Nf3 d6 3. d4 cxd4 4. Nxd4 Nf6 5. Nc3 a6 6. Be3 e6 7. f3 b5 8. Qd2
Nbd7 9. Bd3 Bb7 10. O-O-O Rc8 11. Nce2 Be7 12. g4 Ne5 13. Ng3 O-O 14. Kb1 d5
15. Bf4 Nc4 16. Bxc4 bxc4 17. Qe2 Qb6 18. e5 Nd7 19. Nh5 Nc5 20. Ka1 Rb8 21.
Be3 Bc6 22. Rb1 Bd7 23. Qd2 Rfc8 24. b3 Qd8 25. Rhg1 Bb5 26. g5 cxb3 27. cxb3
Bd3 28. Rbc1 Bg6 29. Nf4 a5 30. h4 a4 31. b4 Rxb4 32. Nxg6 hxg6 33. Rb1 Rc4 34.
Rgc1 Qc7 35. Rxc4 dxc4 36. Nb5 Qxe5+ 37. Bd4 Qd5 38. Qc3 Bf8 39. Re1 Nb3+ 0-1

[Event "Open Gran Sasso A"]
[Site "Prati di Tivo - Pietracamela ITA"]
[Date "2006.09.05"]
[Round "3"]
[White "Lazarev, Vladimir"]
[Black "Safranska, Anda"]
[Result "1-0"]
[WhiteElo "2522"]
[BlackElo "2248"]
[PlyCount "71"]
[EventDate "2006.09.03"]

1. d4 Nf6 2. c4 c5 3. d5 d6 4. Nc3 g6 5. e4 Bg7 6. Nf3 O-O 7. Bd3 e6 8. O-O
exd5 9. exd5 Bg4 10. h3 Bxf3 11. Qxf3 Nbd7 12. Qd1 Re8 13. Bd2 a6 14. a4 h6 15.
f4 Nh7 16. Qf3 Qf6 17. Kh1 Rab8 18. Rab1 Qd4 19. Ne4 Rxe4 20. Qxe4 Qxe4 21.
Bxe4 b5 22. cxb5 axb5 23. axb5 Rxb5 24. b4 c4 25. Rfc1 Nb6 26. Bf3 c3 27. Bxc3
Bxc3 28. Rxc3 Nf6 29. Be2 Rxd5 30. Rd3 Kg7 31. g3 h5 32. Kg2 h4 33. g4 Ne4 34.
Rbd1 Rxd3 35. Rxd3 Kf6 36. Bf3 1-0

[Event "Open Gran Sasso A"]
[Site "Prati di Tivo - Pietracamela ITA"]
[Date "2006.09.05"]
[Round "3"]
[White "Sibilio, Mario"]
[Black "Santurbano, Maria Vincenza"]
[Result "1-0"]
[WhiteElo "2393"]
[BlackElo "1985"]
[PlyCount "65"]
[EventDate "2006.09.03"]

1. d4 Nf6 2. Nf3 g6 3. c4 Bg7 4. g3 O-O 5. Bg2 d6 6. O-O Nc6 7. b3 e5 8. d5 Nd4
9. Nxd4 exd4 10. Bb2 Re8 11. Bxd4 Bf5 12. Nc3 a6 13. Re1 h5 14. Qd2 Nh7 15.
Bxg7 Kxg7 16. e4 Bd7 17. f4 h4 18. Qd4+ Kg8 19. e5 hxg3 20. hxg3 Qc8 21. Re3
Bh3 22. e6 Bxg2 23. Kxg2 fxe6 24. Rae1 Qd7 25. dxe6 Qg7 26. Qd5 Nf6 27. Qxb7
Ng4 28. Rf3 Qh8 29. Rh1 Qd4 30. Qxc7 Qd2+ 31. Kh3 Nf2+ 32. Rxf2 Qxf2 33. Qf7+
1-0

[Event "Open Gran Sasso A"]
[Site "Prati di Tivo - Pietracamela ITA"]
[Date "2006.09.06"]
[Round "4"]
[White "Aleksic, Nenad"]
[Black "Vezzosi, Paolo"]
[Result "1/2-1/2"]
[WhiteElo "2392"]
[BlackElo "2356"]
[PlyCount "97"]
[EventDate "2006.09.03"]

1. e4 d6 2. d4 Nf6 3. Nc3 e5 4. Nf3 Nbd7 5. Bc4 Be7 6. O-O c6 7. a4 O-O 8. Re1
b6 9. Bg5 Bb7 10. Bxf6 Bxf6 11. d5 c5 12. a5 a6 13. axb6 Nxb6 14. Bf1 Qd7 15.
Nd2 Rfb8 16. b3 Bd8 17. Nc4 Nc8 18. Qd2 Bc7 19. Na5 Ne7 20. Nxb7 Rxb7 21. Rxa6
Rxa6 22. Bxa6 Ra7 23. Bb5 Qc8 24. Rf1 Ba5 25. Qd3 Ng6 26. Ne2 h6 27. Bc4 Bb6
28. Ng3 Nf4 29. Qf3 g6 30. Ne2 Nxe2+ 31. Qxe2 Qe8 32. g3 Bd8 33. Bb5 Qf8 34. c3
Qe7 35. Kg2 Qf6 36. Rb1 Kg7 37. Bc4 h5 38. Rf1 h4 39. Rb1 Qg5 40. b4 cxb4 41.
cxb4 Bb6 42. Ba6 Ra8 43. Rf1 Bd4 44. Bc4 Rh8 45. h3 Qh6 46. g4 Rc8 47. b5 Qf4
48. Bd3 Rc3 49. Rd1 1/2-1/2